000
00232as aa2200097a 44500
090
_a
SERIADAS
_b
01001
245
1
0
_a
Trends in Cell Biology
260
_b
Elsevier Trends Journals
_a
Estados Unidos
041
0
_a
EspaƱol
942
_c
REVISTA
999
_c
17156
_d
17156